000 00470nam a22001697a 4500
005 20250223201027.0
008 250223b |||||||| |||| 00| 0 eng d
020 _a8180613755
050 _aRM125 RAJ
100 _aRaju, SM
245 _aIntroduction to Nursing Pharmacology/
_cSM Raju & Bindu Madala
250 _a1st ed.
260 _aNew Delhi
_bJaypee brothers Medical Publishers
_c2005
300 _a233p.
_c21.5cm
700 _aMadala, Bindu
942 _2lcc
_cBK
_n0
999 _c4243
_d4243